[Event "Kitchener Riedstra Memorial U2000"]
[Site "Kitchener"]
[Date "2012.03.11"]
[Round "4"]
[White "Serdula, Jay"]
[Black "Ortiz, Hugo"]
[Result "1-0"]
[WhiteElo "1844"]
[BlackElo "1608"]
[PlyCount "49"]
[EventDate "2012.03.09"]
[EventType "swiss"]
[EventRounds "5"]
[EventCountry "CAN"]
[SourceTitle "EXT 2022"]
[Source "ChessBase"]
[SourceDate "2021.10.06"]
[SourceVersion "1"]
[SourceVersionDate "2021.10.06"]
[SourceQuality "1"]

1. e4 c6 2. d4 d5 3. e5 Bf5 4. f4 c5 5. c3 Qb6 6. Nf3 e6 7. Bd3 Bxd3 8. Qxd3 cxd4 9. cxd4 g6 10. Nc3 Nc6 11. 0-0 Nh6 12. Na4 Qb4 13. b3 Nf5 14. Bd2 Qe7 15. Rfc1 Bh6 16. Rc2 0-0 17. Rac1 Nh4 18. Nxh4 Qxh4 19. Nc5 Ne7 20. Nxb7 Rac8 21. g3 Qh5 22. Bb4 Rxc2 23. Rxc2 Rb8 24. Bxe7 Rxb7 25. Rc8+ 1-0

[Event "CAN-ch Seniors"]
[Site "Kitchener"]
[Date "2010.08.02"]
[Round "7"]
[White "Solis, Jaime"]
[Black "Ortiz, Hugo"]
[Result "1/2-1/2"]
[WhiteElo "1828"]
[BlackElo "1582"]
[PlyCount "76"]
[EventDate "2010.07.30"]
[EventType "swiss"]
[EventRounds "7"]
[EventCountry "CAN"]
[SourceTitle "EXT 2022"]
[Source "ChessBase"]
[SourceDate "2021.10.06"]
[SourceVersion "1"]
[SourceVersionDate "2021.10.06"]
[SourceQuality "1"]

1. e4 c6 2. d4 d5 3. e5 Bf5 4. Bd3 Bxd3 5. Qxd3 e6 6. Nf3 Ne7 7. 0-0 Ng6 8. c3 Be7 9. Be3 0-0 10. Nbd2 Nd7 11. h3 c5 12. Qe2 Rc8 13. Rfc1 cxd4 14. cxd4 Qb6 15. Nb3 a6 16. Rxc8 Rxc8 17. Rc1 Rxc1+ 18. Nxc1 Qc6 19. Qd1 Nb6 20. Nd2 Nc4 21. Nxc4 Qxc4 22. Qb3 b5 23. a3 f6 24. Qxc4 bxc4 25. f4 f5 26. Ne2 Kf7 27. g3 Nf8 28. Kf2 h6 29. Kf3 g6 30. Nc3 Nd7 31. Na4 h5 32. h4 Ke8 33. Ke2 Kd8 34. Kd2 Kc7 35. Kc2 Kc6 36. Nc3 Kb6 37. Bf2 Bf8 38. Na4+ Kb5 1/2-1/2

[Event "CAN-ch Seniors"]
[Site "Kitchener"]
[Date "2010.07.31"]
[Round "3"]
[White "Deline, Ralph"]
[Black "Ortiz, Hugo"]
[Result "1-0"]
[WhiteElo "1887"]
[BlackElo "1582"]
[PlyCount "59"]
[EventDate "2010.07.30"]
[EventType "swiss"]
[EventRounds "7"]
[EventCountry "CAN"]
[SourceTitle "EXT 2022"]
[Source "ChessBase"]
[SourceDate "2021.10.06"]
[SourceVersion "1"]
[SourceVersionDate "2021.10.06"]
[SourceQuality "1"]

1. e4 c6 2. d4 d5 3. exd5 cxd5 4. c4 Nf6 5. Nc3 e6 6. Nf3 Bb4 7. Bd2 0-0 8. a3 Bxc3 9. Bxc3 Re8 10. Be2 Ne4 11. 0-0 Nxc3 12. bxc3 dxc4 13. Bxc4 Qc7 14. Qd3 h6 15. Rfe1 Bd7 16. Bb3 Nc6 17. Bc2 g6 18. h4 e5 19. Qe3 Kg7 20. dxe5 Bg4 21. Nd4 Rxe5 22. Qd2 Rxe1+ 23. Rxe1 h5 24. Nxc6 bxc6 25. Qd4+ Kg8 26. Qf6 Qd7 27. Re7 Qd5 28. Bxg6 Rf8 29. Bxf7+ Rxf7 30. Re8+ 1-0

[Event "CAN-ch Seniors"]
[Site "Kitchener"]
[Date "2010.07.31"]
[Round "2"]
[White "Ortiz, Hugo"]
[Black "Damsic, Joe"]
[Result "1-0"]
[WhiteElo "1582"]
[BlackElo "1917"]
[PlyCount "63"]
[EventDate "2010.07.30"]
[EventType "swiss"]
[EventRounds "7"]
[EventCountry "CAN"]
[SourceTitle "EXT 2022"]
[Source "ChessBase"]
[SourceDate "2021.10.06"]
[SourceVersion "1"]
[SourceVersionDate "2021.10.06"]
[SourceQuality "1"]

1. d4 Nf6 2. c4 g6 3. Nc3 Bg7 4. Bg5 0-0 5. Nf3 d6 6. e3 Nbd7 7. Be2 c5 8. d5 Nb6 9. 0-0 h6 10. Bh4 Bf5 11. Bd3 Bd7 12. Qc2 Qe8 13. Nd2 a6 14. Rab1 e6 15. dxe6 Bxe6 16. Nce4 Nxe4 17. Nxe4 Qd7 18. Nf6+ Bxf6 19. Bxf6 Bf5 20. Bxf5 Qxf5 21. Qxf5 gxf5 22. b3 Rfe8 23. Rbd1 Re6 24. Bh4 Kf8 25. Rd2 f6 26. Rfd1 Rd8 27. Bg3 Nc8 28. Rd5 b5 29. cxb5 axb5 30. Rxc5 dxc5 31. Rxd8+ Re8 32. Rd5 1-0